| 000 | 00517nam a2200157 a 4500 | ||
|---|---|---|---|
| 005 | 20140412111315.0 | ||
| 008 | 001214s19uu xx 00 eng d | ||
| 050 |
_aER _bAm11 |
||
| 100 | _aThackray, Patricia | ||
| 245 |
_aAmazing mumford forgets the magic words! (The) / _cwritten by Patricia Thackray ; illustrated by Normand Chartier. |
||
| 260 |
_aU. S. A : _bA Sesame Street Book, _c1979. |
||
| 300 | _a1 v. (unp.) ; ill. | ||
| 440 | _aCTW/Sesame Street | ||
| 650 | _aMagic stories -- Fiction | ||
| 999 |
_c104182 _d104182 |
||